Geology of the Carnarvon Basin, Western Australia /

Bibliographic Details
Main Author: Hocking, R. M. (Roger Malcolm), 1952-
Other Authors: Moors, H. T. (Henry Theodore), 1942-, Van de Graaff, W. J. E.
Format: Book
Language:English
Published: Perth : State Printing Division, 1987.
Series:Bulletin (Geological Survey of Western Australia) ; 133.
Subjects:

MARC

Tag First Indicator Second Indicator Subfields
LEADER 00000cam a2200000 a 4500
001 in00000972722
005 20150927111214.0
008 881118s1987 at ab b s00010 eng
010 |a  88203223  
020 |a 073091352X 
035 |a (OCoLC)22731784 
035 |9 AEW0744AM 
040 |a DLC  |c DLC  |d UtOrBLW 
043 |a u-at-we 
049 |a TXAM 
050 0 0 |a QE348  |b .A2 no. 133 
082 0 0 |a 559.41 s  |a 559.41/3  |2 20 
100 1 |a Hocking, R. M.  |q (Roger Malcolm),  |d 1952- 
245 1 0 |a Geology of the Carnarvon Basin, Western Australia /  |c by R.M. Hocking, H.T. Moors, and W.J.E. Van De Graaff ; with contributions from A.D. Allen ... [and others]. 
264 1 |a Perth :  |b State Printing Division,  |c 1987. 
300 |a xiv, 288 pages :  |b illustrations, maps ;  |c 30 cm. ₊ +  |e plates (4 folded maps in back pocket) 
336 |a text  |b txt  |2 rdacontent 
337 |a unmediated  |b n  |2 rdamedia 
338 |a volume  |b nc  |2 rdacarrier 
490 1 |a Bulletin / Geological Survey of Western Australia,  |x 0508-4741 ;  |v 133 
504 |a Includes bibliographical references (pages 279-[289]). 
650 0 |a Geology  |z Australia  |z Carnarvon Basin (W.A.) 
651 0 |a Carnarvon Basin (W.A.) 
700 1 |a Moors, H. T.  |q (Henry Theodore),  |d 1942- 
700 1 |a Van de Graaff, W. J. E. 
830 0 |a Bulletin (Geological Survey of Western Australia) ;  |v 133. 
999 |a MARS 
999 f f |s e347facf-d218-3c0f-a530-1962088b3386  |i cb54493d-1460-33eb-a9ff-db9980a4cad0  |t 0 
952 f f |p normal  |a Texas A&M University  |b College Station  |c Sterling C. Evans Library  |d Evans: Library Stacks  |t 0  |e QE348 .A2 no.133  |h Library of Congress classification  |i unmediated -- volume  |k no.133  |m A14813934037 
998 f f |a QE348 .A2 no.133  |s "Text"  |t 0  |l Evans: Library Stacks